000 00339nam a2200133 i 4500
001 bg
100 1 _aZAKRZEWSKI, Zbigniew
245 0 _aWdraĊĵanie prac naukowo-badawczych do praktyki /
_cZbigniew Zakrzewski.
260 _aWarszawa,
_c1976.
040 _cBPK
041 _apol
942 _cKS
008 s pl f |000 0 pol
999 _c17354
_d17354
856 _uhttp://koha.tu.koszalin.pl/cgi-bin/koha/opac-detail.pl?biblionumber=17354
_yKatalog online BPK